LEADER 01255nam 2200361 450 001 000017342 005 20050718115600.0 010 $a88-7784-055-2 100 $a20040406d1999----km-y0itay0103----ba 101 0 $aita 102 $aIT 200 1 $aEsercizi di meccanica delle vibrazioni$fSilvio Bergamaschi, Vettore Cossalter 205 $aEd. riveduta e corretta 210 $aPadova$cEdizioni Libreria Cortina$d1999 215 $aVII, 301 p. 606 $aVibrazioni$xMeccanica 676 $a531.32$v(21. ed.)$9Dinamica dei solidi. Vibrazioni 700 1$aBergamaschi,$bSilvio$0442349 701 1$aCossalter,$bVittore$0442350 801 0$aIT$bUniversità della Basilicata - B.I.A.$gRICA$2unimarc 912 $a000017342 996 $aEsercizi di meccanica delle vibrazioni$985080 997 $aUNIBAS BAS $aMONING BAS $aINGEGNERIA CAT $aTORRE$b20$c20040406$lBAS01$h1343 CAT $c20050601$lBAS01$h1756 CAT $abatch$b01$c20050718$lBAS01$h1053 CAT $c20050718$lBAS01$h1112 CAT $c20050718$lBAS01$h1142 CAT $c20050718$lBAS01$h1156 FMT Z30 -1$lBAS01$LBAS01$mBOOK$1BASA2$APolo Tecnico-Scientifico$2DID$BDidattica$3PTS.s2.p39.19$6101922$5T101922$820040406$f98$FConsultazione